000 00659nas a2200217 a 4500
001 000037005
003 DLC
005 20240917110911.0
008 120208c19379999dr ur1pdd 0 0spa d
040 _aDO-SdBNP
_bspa
_cDO-SdBNP
_erda
041 _hspa
043 _anwdr
245 0 0 _aBoletín de relaciones exteriores.
260 _aCiudad Trujillo, República Dominicana :
_bSecretaria de Estado de Relaciones Exteriores,
_c1937.
300 _av. ;
_c28 cm.
310 _aVol. IIL Núm. 1, Enero 1937
362 _a1937
650 0 _aRelaciones exteriores
_zRepública Dominicana
_963407
651 0 _aRepública Dominicana
_910483
942 _2ddc
_cISSUE
999 _c36495
_d36495